000 005660000a22001810004500
003 MACL
005 20160423145350.0
008 160423b xxu||||| |||| 00| 0 eng d
040 _aMACL
_cMACL
041 _aHindi
082 _a800 NAV
100 _aदूबे लक्ष्‍मी नारायण
_953627
245 _aनवीन गध रचनावली
260 _bसाहित्‍यवाणी प्रकाशन
_c1988
_aइलाहाबाद
350 _a600
650 _aLiterature
_953628
942 _cHIN
_k800/NAV/L
_2ddc
999 _c20867
_d20867